| 000 | 00537nam a22001817a 4500 | ||
|---|---|---|---|
| 005 | 20251108164400.0 | ||
| 008 | 250721s1967 xx 000 0 ara d | ||
| 082 | 1 | 4 | _a221.4/محم |
| 100 | 1 | _aالعابدي، محمود | |
| 245 | 1 | 0 | _aمخطوطات البحر الميت / |
| 264 | 1 |
_aعمان : _bدائرة الثقافه والفنون، _c1967. |
|
| 300 | _a402ص. | ||
| 650 | 1 | 7 | _aمخطوطات البحر الميت |
| 650 | 1 | 7 | _aالتوراه |
| 650 | 1 | 7 | _aالعهد القديم |
| 942 |
_2ddc _cBK |
||
| 999 |
_c10774 _d10774 |
||